Factores que contribuyen a un adecuado control glucémico en pacientes con diabetes mellitus tipo 2 de la Unidad comunitaria de salud familiar de Metapán durante el período comprendido de enero a junio del año 2021 (Registro nro. 33408)

Detalles MARC
000 -CABECERA
Longitud fija campo de control 01120nam a22002177a 4500
003 - IDENTIFICADOR DELl NÚMERO DE CONTROL
Identificador del número de control OSt
005 - FECHA Y HORA DE LA ÚLTIMA TRANSACCIÓN
Fecha y hora de la última transacción 20221212203436.0
008 - CÓDIGOS DE INFORMACIÓN DE LONGITUD FIJA
Códigos de información de longitud fija 140214b2022 slv spa
040 ## - FUENTE DE LA CATALOGACIÓN
Centro transcriptor BMC
082 ## - NÚMERO DE LA CLASIFICACIÓN DECIMAL DEWEY
Númeroo de clasificación 616.462
100 1# - PUNTO DE ACCESO PRINCIPAL-NOMBRE DE PERSONA
Nombre de persona Elas Quintana, Juan Oswaldo
9 (RLIN) 46652
245 10 - MENCIÓN DE TÍTULO
Título Factores que contribuyen a un adecuado control glucémico en pacientes con diabetes mellitus tipo 2 de la Unidad comunitaria de salud familiar de Metapán durante el período comprendido de enero a junio del año 2021
Resto del título : investigación, informe final
Mención de responsabilidad, etc. Juan Oswaldo Elas Quintana, Jessica de los Ángeles Linares Mojica
260 ## - PUBLICACIÓN, DISTRIBUCIÓN, ETC. (PIE DE IMPRENTA)
Lugar de publicación, distribución, etc. Santa Ana (El Salvador)
Nombre del editor, distribuidor, etc. Universidad Católica de El Salvador
Fecha de publicación, distribución, etc. 2021
300 ## - DESCRIPCIÓN FÍSICA
Extensión 47+[2] h.
Dimensiones 28 cm
Material anejo + 1 disco compacto
500 ## - NOTA GENERAL
Nota general Precede al tít.: Universidad Católica de El Salvador, Facultad de Ciencias de la Salud
502 ## - NOTA DE TESIS
Nota de tesis Para optar al grado académico de: Doctorado en Medicina
650 #0 - PUNTO DE ACCESO ADICIONAL DE MATERIA - TÉRMINO DE MATERIA
9 (RLIN) 23821
Término de materia o nombre geográfico como elemento inicial Diabetes tipo 2
700 1# - PUNTO DE ACCESO ADICIONAL - NOMBRE DE PERSONA
Nombre de persona Linares Mojica, Jessica de los Ángeles
9 (RLIN) 46653
710 2# - PUNTO DE ACCESO ADICIONAL - NOMBRE DE ENTIDAD
9 (RLIN) 33484
Nombre de entidad o nombre de jurisdicción como elemento inicial Universidad Católica de El Salvador
Unidad subordinada Facultad de Ciencias de la Salud
942 ## - ENTRADA DE ELEMENTOS AGREGADOS (KOHA)
Fuente de clasificaión o esquema Dewey Decimal Classification
Koha [por defecto] tipo de item 4- Trabajo de Graduación
Existencias
Suprimido Perdido Fuente de clasificación o esquema Estropeado Restricciones de uso No para préstamo Código de colección Localización permanente Localización actual Localización en estanter&íacute;as Fecha adquisición Fuente de adquisición Número de inventario Préstamos totales Signatura completa Código de barras Fecha última consulta Fecha último préstamo Fecha del precio de reemplazo Tipo de item de Koha Renovaciones totales
NULL NULL Dewey Decimal Classification NULL Prestable NULL NULL Biblioteca Centro Regional de Ilobasco Biblioteca Centro Regional de Ilobasco Sala Principal 03/07/2024 Donación - Juan Oswaldo Elas Quintana, Jessica de los Ángeles Linares Mojica 000292 2 IN-000292 1052179 30/05/2025 27/05/2025 03/07/2024 4- Trabajo de Graduación 1
NULL NULL Dewey Decimal Classification NULL Prestable NULL NULL Biblioteca Miguel de Cervantes - UNICAES Biblioteca Miguel de Cervantes - UNICAES Sala Principal 27/07/2022 Donación - Juan Oswaldo Elas Quintana, Jessica de los Ángeles Linares Mojica 000784 1 I-000784 1049900 13/05/2023 13/05/2023 13/10/2022 4- Trabajo de Graduación